Normal view
MARC view
Entry Personal Name
001 - CONTROL NUMBER
- control field: 87898
003 - CONTROL NUMBER IDENTIFIER
- control field: dpl
005 - DATE AND TIME OF LATEST TRANSACTION
- control field: 20260228171315.0
008 - FIXED-LENGTH DATA ELEMENTS
- fixed length control field: 260228|| aca||aabn | a|a d
040 ## - CATALOGING SOURCE
- Original cataloging agency: dpl
- Transcribing agency: dpl
100 ## - HEADING--PERSONAL NAME
- Personal name: गुप्ता, शालिनी एस
670 ## - SOURCE DATA FOUND
- Source citation: Work cat.: (dpl)215258: गुप्ता, शालिनी एस, रसायन विज्ञान के प्रोजेक्ट्स /, 2026
